000 00654nam a2200241Ia 4500
005 20260430150219.0
008 008 250103s9999 xx 000 0 eng d
037 _aTheses
040 _aCRL
040 _beng
040 _ceng
041 _2eng
041 _aeng
084 _qCRL
100 _aMrinalini Au.; Sahu Bhairabi Prasad Gu.
_91236817
245 0 _aFood culture and practices in ancient India (5th century BCE-5th Century CE)
260 _c2021
300 _a197p.
650 _aHistory
700 _aUniversity of Delhi. Faculty of Social Science. Depatment of History
_91236818
942 _cTH
999 _c1849234
_d1849234